00000000nam##2200000za#4500
0019.669846
003CaOODSP
00520210615125107
007ta
008150407|2008||||xxc|||||     f|0| 0 fre|d
020 |a978-0-662-05521-1
040 |aCaOODSP|bfre
041 |aeng
041 |afre
043 |an-cn---
0861 |aEn84-59/2008
1101 |aCanada. |bEnvironnement Canada.
24510|aProgramme canadien de crédit pour des mesures d'action précoce
2461 |aPrendre le virage
260 |bEnvironnement Canada |cMars 2008.
300 |aTexte français, iii, 12p. : |bfigure, tableau ; |c28 cm.
5203 |aA pour objectif de solliciter des commentaires sur le Programme de crédit pour des mesures d’action précoce proposé, y compris sur les règles en matière d’admissibilité et sur le processus d’attribution de crédits.
563 |aCouverture souple
590 |a09-49|b2009-12-04
69107|aProgramme relatif à l'environnement|2gcpds
7760#|tProgramme canadien de crédit pour des mesures d'action précoce |w(CaOODSP)9.635092
7760#|tCanada's Credit for Early Action Program |w(CaOODSP)9.690742
791 |tCanada's Credit for Early Action Program |eeng|w(CaOODSP)9.669845